Multiple Choice City Quiz – Monaco - Statistics

General Stats
  • This quiz has been taken 19,159 times
    19,133 since last reset
  • The average score is 7 of 10
Answer Stats
Question Answer % Correct
What sport is Monaco known for? Formula One racing
99%
The Monte Carlo district is known for its ... Casino
94%
Which of these cities lies closest to Monaco? Nice
90%
What does Monaco’s flag look like?
79%
A person from France is French. A person from Monaco is ... Monégasque
78%
What Hollywood actress became Princess of Monaco in 1956? Grace Kelly
74%
Why did France blockade Monaco in 1962? Too many French citizens were moving to Monaco to avoid taxes
74%
What royal house has ruled Monaco since 1297? Grimaldi
65%
In three of these categories, Monaco ranks #1 among all countries. In which category does it NOT rank #1? Oldest republic
65%
Who is the namesake, and supposed builder, of Monaco's port? Hercules
22%
No matching quizzes found
Score Distribution
Percent of People with Each Score
Percentile by Number Answered
Your Score History
You have not taken this quiz since the last reset